[Event "Superettan(RockadenIISthlm-Kungstornet)"]
[Site "?"]
[Date "2020.10.18"]
[Round "9"]
[White "Nikolic, Vladan"]
[Black "Henriksson, Johan"]
[Result "1-0"]
[WhiteElo "2201"]
[BlackElo "2265"]
[PlyCount "101"]
1. e4 c6 2. d4 d5 3. Nc3 dxe4 4. Nxe4 Nf6 5. Nxf6+ exf6 6. c3 Bd6 7. Bd3 O-O 8.
Ne2 Re8 9. Qc2 h6 10. Be3 Be6 11. a4 a5 12. O-O Na6 13. Ng3 Nc7 14. Rfe1 Nd5
15. Bd2 Qc7 16. Qd1 Nf4 17. Bf1 f5 18. c4 Bb4 19. Bxb4 axb4 20. Qd2 Red8 21.
Red1 c5 22. d5 g5 23. Qc2 Bd7 24. Nxf5 Qe5 25. Ng3 f5 26. Re1 Qf6 27. b3 h5 28.
Bd3 Rf8 29. Qd2 h4 30. Nf1 Kg7 31. Bc2 Rf7 32. Rad1 Rd8 33. Re3 Bc8 34. Rde1
Ne6 35. Rxe6 Bxe6 36. Rxe6 Qxe6 37. Qxg5+ Qg6 38. Qxd8 h3 39. g3 Qg4 40. Qh4
Qe2 41. Qg5+ Kf8 42. Bxf5 Qe5 43. Qh6+ Ke7 44. Qe6+ Qxe6 45. Bxe6 Rf8 46. f4 b5
47. cxb5 c4 48. bxc4 Kd6 49. Nd2 Kc5 50. Nb3+ Kxc4 51. d6+ 1-0

[Event "Superettan(Vasteras II-Schack 08)"]
[Site "?"]
[Date "2020.10.18"]
[Round "9"]
[White "Wikstrom, Per"]
[Black "Adahl, Mattias"]
[Result "1/2-1/2"]
[WhiteElo "2161"]
[BlackElo "2082"]
[PlyCount "26"]
1. d4 d5 2. Bf4 g6 3. e3 Bg7 4. Nf3 c6 5. c3 Nf6 6. Nbd2 O-O 7. h3 Bf5 8. Be2
Qb6 9. Qb3 Ne4 10. Nxe4 Bxe4 11. O-O Qxb3 12. axb3 Bxf3 13. Bxf3 f5 1/2-1/2

[Event "Superettan(RockadenIISthlm-Kungstornet)"]
[Site "?"]
[Date "2020.10.18"]
[Round "9"]
[White "Glimbrant, Torbjorn"]
[Black "Alarik, Martin"]
[Result "1-0"]
[WhiteElo "2242"]
[BlackElo "2088"]
[PlyCount "57"]
1. Nf3 Nf6 2. c4 e6 3. d4 d5 4. Bg5 Be7 5. e3 O-O 6. Nc3 Nbd7 7. Qc2 c5 8. cxd5
Nxd5 9. Bxe7 Qxe7 10. Nxd5 exd5 11. dxc5 Nxc5 12. Bd3 Nxd3+ 13. Qxd3 Bg4 14.
Nd4 Qb4+ 15. Qd2 Qc4 16. f3 Bh5 17. Kf2 Rac8 18. Rhc1 Qa6 19. Rxc8 Rxc8 20. Rc1
Rc4 21. Nf5 h6 22. Rxc4 Qxc4 23. b3 Qc7 24. Qxd5 Bg6 25. Nd6 Qc2+ 26. Kg3 Qc3
27. Qd4 Qc7 28. f4 Bb1 29. Ne8 1-0

[Event "Superettan(RockadenIISthlm-Team Pelaro)"]
[Site "?"]
[Date "2020.10.17"]
[Round "8"]
[White "Alarik, Martin"]
[Black "Rasti, Arvin"]
[Result "0-1"]
[WhiteElo "2088"]
[BlackElo "2164"]
[PlyCount "60"]
1. d4 d6 2. Nf3 Bg4 3. e4 c6 4. Nc3 Nf6 5. Be2 Nbd7 6. O-O e5 7. Be3 Qc7 8. Qd2
Be7 9. a4 O-O 10. Rab1 Rfe8 11. b4 exd4 12. Nxd4 Bxe2 13. Ndxe2 a5 14. b5 Rad8
15. bxc6 bxc6 16. Ng3 Nc5 17. f3 Nfd7 18. Nf5 Bf6 19. Bg5 Ne6 20. Bxf6 Nxf6 21.
Qf2 d5 22. exd5 Nxd5 23. Ne4 Qe5 24. g4 Ndf4 25. Qh4 Nd4 26. Ng5 h6 27. Nh3
Nfe2+ 28. Kh1 Nxf5 29. gxf5 Qxf5 30. Rb7 Rd4 0-1

[Event "Superettan(Vasteras II-Rockaden,Umea)"]
[Site "?"]
[Date "2020.10.17"]
[Round "8"]
[White "Adahl, Mattias"]
[Black "Mardell, Jonas"]
[Result "1/2-1/2"]
[WhiteElo "2082"]
[BlackElo "2118"]
[PlyCount "142"]
1. d4 Nf6 2. Nf3 e6 3. Bg5 d5 4. Nbd2 h6 5. Bxf6 Qxf6 6. e4 c5 7. e5 Qd8 8. c3
Qb6 9. Rb1 Bd7 10. Be2 cxd4 11. Nxd4 Nc6 12. Nxc6 bxc6 13. O-O g6 14. Kh1 c5
15. f4 Rd8 16. Qe1 Be7 17. Qg3 Bb5 18. c4 dxc4 19. Nxc4 Bxc4 20. Bxc4 Rd2 21.
b3 Qd8 22. f5 Bh4 23. Qe3 gxf5 24. Qxc5 Qe7 25. Qc6+ Kf8 26. Rbd1 Rxd1 27. Rxd1
Bf2 28. Rd7 Qe8 29. Qd6+ Kg7 30. Bxe6 Bc5 31. Qd5 Be7 32. Bxf5 Qc8 33. Qd1 Rd8
34. e6 Rxd7 35. exd7 Qc6 36. Qd4+ Qf6 37. Qxf6+ Kxf6 38. Bg4 Ke5 39. Kg1 f5 40.
Bh3 f4 41. Kf2 Kd4 42. Kf3 Bg5 43. Be6 Ke5 44. Bg4 Bd8 45. Ke2 Kd4 46. Kd2 Ba5+
47. Kc2 Bd8 48. Be2 Bf6 49. b4 Bd8 50. Kb3 Kd5 51. Kc3 Bf6+ 52. Kd3 Bd8 53. a4
Bc7 54. Kc3 Be5+ 55. Kb3 Bc7 56. a5 Kc6 57. Bg4 Kb5 58. Ka3 Bd8 59. Bd1 Be7 60.
Kb3 Kc6 61. Bg4 Kb5 62. Bh5 Kc6 63. Be8 Kc7 64. Kc4 Bd6 65. h3 Be7 66. b5 Kb7
67. Kd5 Bd8 68. Kd6 Bxa5 69. Ke7 Bb4+ 70. Kf6 Kc7 71. Ke6 Kd8 1/2-1/2

[Event "Superettan(RockadenIISthlm-Team Pelaro)"]
[Site "?"]
[Date "2020.10.17"]
[Round "8"]
[White "Wengholm, Anders"]
[Black "Sandberg, Philip"]
[Result "1-0"]
[WhiteElo "2206"]
[BlackElo "1881"]
[PlyCount "85"]
[SourceDate "2020.10.25"]
1. Nf3 c5 2. c4 g6 3. e4 Nc6 4. d4 cxd4 5. Nxd4 Bg7 6. Be3 d6 7. Nc3 Bd7 8. Be2
Nf6 9. O-O O-O 10. Qd2 Re8 11. f3 Rc8 12. Rab1 Ne5 13. b3 a5 14. Rfd1 a4 15.
Ndb5 Bxb5 16. Nxb5 axb3 17. axb3 Nfd7 18. f4 Nc6 19. Bg4 Ra8 20. Bxd7 Qxd7 21.
e5 Bf8 22. Bf2 d5 23. Qxd5 Qg4 24. Qe4 Red8 25. Rd5 e6 26. Rxd8 Rxd8 27. h3 Qh5
28. Nd4 Bc5 29. Nf3 Bxf2+ 30. Kxf2 Qf5 31. Qxf5 gxf5 32. Ke3 Kf8 33. g4 fxg4
34. hxg4 Kg7 35. Ke4 Kg6 36. f5+ Kg7 37. f6+ Kg6 38. g5 h6 39. gxh6 Kxh6 40.
Rh1+ Kg6 41. Kf4 Rd3 42. Nh4+ Kh7 43. Nf5+ 1-0

[Event "Superettan(Vasteras II-Rockaden,Umea)"]
[Site "?"]
[Date "2020.10.17"]
[Round "8"]
[White "Hellstrom, Magnus"]
[Black "Stridh, Mattias"]
[Result "1-0"]
[WhiteElo "2095"]
[BlackElo "1617"]
[PlyCount "101"]
1. e4 c5 2. Nf3 Nc6 3. d4 cxd4 4. Nxd4 g6 5. c4 Bg7 6. Be3 Nf6 7. Nc3 O-O 8.
Be2 d6 9. O-O Bd7 10. Qd2 Nxd4 11. Bxd4 Bc6 12. f3 Nd7 13. Be3 a5 14. b3 Nc5
15. Rab1 Qb6 16. Rfc1 Qb4 17. Rc2 Rfb8 18. Qc1 Qb6 19. Rd2 Bh6 20. Rd1 Bxe3+
21. Qxe3 Nd7 22. Qxb6 Nxb6 23. g4 Nd7 24. Kf2 Nc5 25. Ke3 f6 26. h4 Kf7 27. f4
Rg8 28. g5 Rad8 29. a3 h6 30. b4 axb4 31. axb4 Na4 32. Nxa4 Bxa4 33. Rg1 hxg5
34. hxg5 Rh8 35. Rg3 Rc8 36. b5 Rh4 37. gxf6 Kxf6 38. Rbg1 Rg8 39. Ra1 Bb3 40.
Kd2 Rh2 41. Rxb3 Rgh8 42. Rg3 Rf2 43. Rf1 Rfh2 44. Rfg1 R8h6 45. Ke3 e5 46.
fxe5+ dxe5 47. c5 R2h3 48. Bg4 Rh2 49. R3g2 Rxg2 50. Rxg2 Rh1 51. Rc2 1-0

[Event "Superettan(RockadenIISthlm-Team Pelaro)"]
[Site "?"]
[Date "2020.10.17"]
[Round "8"]
[White "Ekenberg, Ulf"]
[Black "Agrest, Svetlana"]
[Result "1/2-1/2"]
[WhiteElo "1964"]
[BlackElo "2236"]
[PlyCount "56"]
1. e4 d6 2. d4 Nf6 3. Nc3 e5 4. Nf3 Nbd7 5. Bc4 Be7 6. dxe5 dxe5 7. Ng5 O-O 8.
Bxf7+ Rxf7 9. Ne6 Qe8 10. Nxc7 Qd8 11. Nxa8 b6 12. Nd5 Bc5 13. O-O Nxe4 14. Be3
Ba6 15. Qg4 Ndf6 16. Nxf6+ Nxf6 17. Rfd1 Qxa8 18. Qe6 Bxe3 19. fxe3 Qe8 20.
Qxe8+ Nxe8 21. Rd8 Kf8 22. Rad1 Rc7 23. c3 Ke7 24. Kf2 Nf6 25. h3 Ne4+ 26. Kf3
Ng5+ 27. Kf2 Ne4+ 28. Kf3 Ng5+ 1/2-1/2

[Event "Superettan(Vasteras II-Rockaden,Umea)"]
[Site "?"]
[Date "2020.10.17"]
[Round "8"]
[White "Bjorkman, Filip"]
[Black "Johansson, David"]
[Result "1/2-1/2"]
[WhiteElo "1950"]
[BlackElo "2105"]
[PlyCount "103"]
1. e4 e6 2. d4 d5 3. Nd2 Nf6 4. e5 Nfd7 5. Bd3 c5 6. c3 Nc6 7. Ne2 cxd4 8. cxd4
Qb6 9. Nf3 f6 10. exf6 Nxf6 11. O-O Bd6 12. Bf4 Bxf4 13. Nxf4 Qxb2 14. Qa4 Qb4
15. Bb5 Qxa4 16. Bxa4 O-O 17. Bxc6 bxc6 18. Rfc1 Ne4 19. Nd3 Ba6 20. Nc5 Nxc5
21. Rxc5 Rac8 22. Re1 Rfe8 23. Ra5 Bc4 24. Ne5 Rc7 25. h3 Rb8 26. Rc1 Rb5 27.
Ra4 c5 28. Nxc4 cxd4 29. Rd1 dxc4 30. Rxd4 Rbc5 31. Rd2 Kf7 32. Kf1 Kf6 33. Ke1
c3 34. Rc2 Re5+ 35. Kf1 Rb7 36. g3 Rc5 37. Ke2 Ke5 38. Kd3 Rd7+ 39. Ke3 Rb7 40.
Re4+ Kd5 41. Rd4+ Ke5 42. Re4+ Kf6 43. Rf4+ Ke7 44. Kd3 e5 45. Rc4 Kd6 46. Rxc5
Kxc5 47. Rxc3+ Kd5 48. Ra3 g6 49. Ra5+ Ke6 50. Ke4 Rb4+ 51. Ke3 Rb7 52. Ke4
1/2-1/2

[Event "Superettan(Orgryte-Upsala)"]
[Site "?"]
[Date "2020.10.17"]
[Round "8"]
[White "Wagner, Stephan"]
[Black "Ziegler, Ari"]
[Result "1/2-1/2"]
[WhiteElo "2185"]
[BlackElo "2305"]
[PlyCount "97"]
1. c4 g6 2. Nc3 Bg7 3. g3 e5 4. Bg2 d6 5. e4 Nc6 6. Nge2 h5 7. d3 h4 8. h3 hxg3
9. fxg3 Be6 10. Nd5 Qd7 11. Bg5 f6 12. Be3 Nd8 13. g4 c6 14. Ndc3 Ne7 15. Ng3
d5 16. cxd5 cxd5 17. exd5 Nxd5 18. Nxd5 Bxd5 19. Be4 Bxe4 20. dxe4 Qxd1+ 21.
Rxd1 Ne6 22. h4 Bh6 23. g5 fxg5 24. hxg5 Bg7 25. Rxh8+ Bxh8 26. Ne2 Rc8 27. Rd5
Rc2 28. Rd2 Rc4 29. Nc3 Nd4 30. Rf2 a6 31. Kd2 Ne6 32. Kd3 Rc6 33. Nd5 Bg7 34.
a4 Rd6 35. b4 Bf8 36. Rf6 Be7 37. Rxe6 Rxe6 38. Nc7+ Kd7 39. Nxe6 Kxe6 40. Kc4
Bd8 41. Kc5 Bc7 42. Bd2 Bd8 43. b5 axb5 44. Kxb5 Kd7 45. Kc5 Ke6 46. Bc1 Bc7
47. Be3 Bd8 48. Kb5 Kd7 49. Kc5 1/2-1/2

[Event "Superettan(Schack 08-Kristallen)"]
[Site "?"]
[Date "2020.10.17"]
[Round "8"]
[White "Lindh, Fredrik"]
[Black "Nyander, Joakim"]
[Result "1/2-1/2"]
[WhiteElo "2284"]
[BlackElo "2232"]
[PlyCount "82"]
1. e4 c5 2. Nf3 e6 3. d4 cxd4 4. Nxd4 a6 5. Bd3 Nf6 6. O-O d6 7. Qe2 Be7 8. c4
b6 9. Nc3 Bb7 10. f4 Qc7 11. f5 e5 12. Nf3 Nbd7 13. Bd2 O-O 14. Rfc1 Rfc8 15.
h3 Qb8 16. b4 h6 17. a3 Bd8 18. Be3 Bc6 19. Nd2 b5 20. cxb5 axb5 21. Bxb5 Bxb5
22. Nxb5 d5 23. Bf2 Nb6 24. Bc5 Nbd7 25. Bf2 Nb6 26. Rxc8 Qxc8 27. exd5 Qxf5
28. d6 Nbd5 29. Nc7 Nxc7 30. dxc7 Bxc7 31. Qf3 Qxf3 32. gxf3 Bd6 33. b5 Rxa3
34. Rxa3 Bxa3 35. Nc4 Bc1 36. b6 Bf4 37. b7 e4 38. Ba7 exf3 39. b8=Q+ Bxb8 40.
Bxb8 Ne4 41. Nd6 Ng5 1/2-1/2

[Event "Superettan(Orgryte-Upsala)"]
[Site "?"]
[Date "2020.10.17"]
[Round "8"]
[White "Frisk Kockum, Anton"]
[Black "Burwick, Malte"]
[Result "1/2-1/2"]
[WhiteElo "2357"]
[BlackElo "2254"]
[PlyCount "78"]
1. d4 g6 2. e4 Bg7 3. c4 d6 4. Nc3 Nf6 5. Nf3 O-O 6. Be2 e5 7. O-O Nc6 8. d5
Ne7 9. Ne1 Nd7 10. Nd3 f5 11. Bd2 Nf6 12. f3 h5 13. exf5 Nxf5 14. Nf2 h4 15. f4
exf4 16. Bxf4 Nh7 17. Bd3 Qf6 18. Kh1 Bd7 19. Qd2 Rae8 20. Nfe4 Qd4 21. Ne2 Qb6
22. Rae1 a5 23. b3 Rf7 24. Ng1 Rfe7 25. Nf3 Nf6 26. Nxf6+ Bxf6 27. Rxe7 Rxe7
28. Bg5 Bxg5 29. Qxg5 Qe3 30. Qxe3 Nxe3 31. Re1 Kg7 32. Nxh4 Nxd5 33. Rf1 g5
34. Nf3 Nf4 35. Bb1 Bc6 36. Re1 Ne2 37. Rf1 Nf4 38. Re1 Ne2 39. Rf1 Nf4 1/2-1/2

[Event "Superettan(Schack 08-Kristallen)"]
[Site "?"]
[Date "2020.10.17"]
[Round "8"]
[White "Wikstrom, Per"]
[Black "Andersson, Goran L"]
[Result "0-1"]
[WhiteElo "2161"]
[BlackElo "2269"]
[PlyCount "80"]
1. d4 Nf6 2. Bf4 d5 3. e3 c5 4. c3 Nc6 5. Nd2 e6 6. Ngf3 cxd4 7. exd4 Nh5 8.
Be3 Bd6 9. Ne5 g6 10. Ndf3 f6 11. Nxc6 bxc6 12. Be2 Nf4 13. Bxf4 Bxf4 14. O-O
O-O 15. g3 Bh6 16. Qa4 Qd6 17. Rfe1 Bd7 18. Bf1 Rf7 19. Qa6 Qc7 20. b4 Re8 21.
Re2 e5 22. Ne1 e4 23. Rb2 f5 24. Qa5 Qd6 25. Qxa7 f4 26. b5 e3 27. Qc5 Qf6 28.
Nd3 exf2+ 29. Rxf2 f3 30. b6 Be3 31. b7 Bf5 32. Qa7 Qd6 33. Rb1 Rb8 34. Rbb2
Bxd3 35. Bxd3 c5 36. Rb6 Qc7 37. Ba6 Rff8 38. c4 cxd4 39. c5 d3 40. Bxd3 Qxc5
0-1

[Event "Superettan(Orgryte-Upsala)"]
[Site "?"]
[Date "2020.10.17"]
[Round "8"]
[White "Johansson, Jan"]
[Black "Arnelind, Mikael"]
[Result "0-1"]
[WhiteElo "2311"]
[BlackElo "2209"]
[PlyCount "112"]
1. d4 Nf6 2. Nf3 e6 3. c4 b6 4. Nc3 Bb4 5. Bg5 h6 6. Bh4 Bb7 7. e3 Bxc3+ 8.
bxc3 d6 9. a4 g5 10. Bg3 Ne4 11. a5 Nxg3 12. hxg3 Nd7 13. a6 Be4 14. Nd2 Bg6
15. Be2 c6 16. Bf3 Rc8 17. c5 bxc5 18. Nc4 Nb6 19. Na5 cxd4 20. Bxc6+ Kf8 21.
Qxd4 e5 22. Qb4 Kg7 23. Bb7 Rc5 24. O-O Qc7 25. Rfd1 Rb8 26. Rac1 Nd5 27. Rxd5
Rxd5 28. Nc6 Rc5 29. Nxb8 Qxb8 30. Rd1 Qc7 31. c4 Bc2 32. Rd2 Bf5 33. Bd5 Bc8
34. Ra2 Kf8 35. Qd2 Kg7 36. Qb4 Kf8 37. Qa4 Bd7 38. Qc2 Kg7 39. Qd2 Bc8 40. f4
Qb6 41. fxg5 hxg5 42. Kh2 Bxa6 43. Qf2 f6 44. Qf3 Bxc4 45. Rf2 Qd8 46. Be4 d5
47. Bc2 e4 48. Qd1 Qe7 49. Rf5 Rc8 50. Qd4 Kg6 51. g4 Rc6 52. Kg1 a5 53. Qc3
Qb4 54. Qa1 Qd2 55. Qb2 Qxe3+ 56. Kh2 Qb6 0-1

[Event "Superettan(Schack 08-Kristallen)"]
[Site "?"]
[Date "2020.10.17"]
[Round "8"]
[White "Walinder, Lars"]
[Black "Bjorkeroth, Johan"]
[Result "1-0"]
[WhiteElo "2280"]
[BlackElo "2149"]
[PlyCount "93"]
1. c4 c5 2. Nf3 Nc6 3. d4 cxd4 4. Nxd4 Nf6 5. Nc3 e6 6. a3 d5 7. cxd5 exd5 8.
Bf4 Bc5 9. Nxc6 bxc6 10. e3 O-O 11. Be2 Re8 12. O-O Bd6 13. Bxd6 Qxd6 14. Rc1
Rb8 15. Na4 Re4 16. Nc5 Rh4 17. g3 Rh6 18. Qd4 Bh3 19. Rfd1 Re8 20. Bf3 Re5 21.
Nb7 Qe6 22. Nd8 Qe8 23. Nxc6 Rf5 24. Be2 g6 25. Nxa7 Re5 26. Rc6 g5 27. Rdc1
Kg7 28. Bb5 Qe7 29. Rc7 Qe6 30. Nc6 Rf5 31. Nd8 Qe4 32. Rxf7+ Kg8 33. Qxe4 Nxe4
34. Rxf5 Bxf5 35. Nc6 Kf7 36. Nd4 Bh3 37. Rc7+ Kf8 38. Rc6 Nd6 39. Bf1 Bd7 40.
Rb6 Rf6 41. Bg2 Ke7 42. Bxd5 h5 43. e4 Nxe4 44. Rxf6 Nxf6 45. Bc6 Bc8 46. f3
Kd6 47. Kf2 1-0

[Event "Superettan(Orgryte-Upsala)"]
[Site "?"]
[Date "2020.10.17"]
[Round "8"]
[White "Olsson, William"]
[Black "Foster, David"]
[Result "1-0"]
[WhiteElo "2284"]
[BlackElo "2090"]
[PlyCount "64"]
1. c4 Nf6 2. Nc3 c5 3. g3 g6 4. Bg2 Bg7 5. e4 Nc6 6. Nge2 O-O 7. O-O d6 8. Rb1
Be6 9. d3 Qd7 10. Nf4 Ne8 11. Nxe6 Qxe6 12. f3 Qd7 13. Bd2 Nc7 14. Nd5 Nxd5 15.
exd5 Nd4 16. b4 b6 17. Re1 a5 18. bxc5 bxc5 19. Bg5 Bf6 20. Bxf6 exf6 21. Qd2
Rfe8 22. Rxe8+ Qxe8 23. Qb2 Qa4 24. Bf1 Re8 25. Kg2 Kg7 26. Qc1 Qd7 27. Rb6 Qc7
28. Qb1 Re7 29. Rb8 Qd7 30. Qb6 Nc2 31. Rd8 Qa4 32. Qxd6 Ne1+ 1-0

[Event "Superettan(Schack 08-Kristallen)"]
[Site "?"]
[Date "2020.10.17"]
[Round "8"]
[White "Ottenklev, Niclas"]
[Black "Naslund, Mikael"]
[Result "1/2-1/2"]
[WhiteElo "2192"]
[BlackElo "2148"]
[PlyCount "56"]
1. e4 d5 2. exd5 Nf6 3. Nc3 Nxd5 4. Bc4 Nb6 5. Bb3 Nc6 6. Nf3 Bf5 7. d4 e6 8.
O-O Be7 9. Be3 O-O 10. Ne5 Na5 11. Qe2 Nxb3 12. axb3 Nd5 13. Nxd5 exd5 14. c3
c6 15. Bf4 Bd6 16. Bg3 f6 17. Nf3 Re8 18. Qd2 Bxg3 19. hxg3 Qb6 20. b4 a5 21.
bxa5 Rxa5 22. Rxa5 Qxa5 23. Re1 Rxe1+ 24. Qxe1 Kf7 25. Qd2 g5 26. Kh2 Qc7 27.
Ne1 Qe7 28. Nc2 Bxc2 1/2-1/2

[Event "Superettan(Orgryte-Upsala)"]
[Site "?"]
[Date "2020.10.17"]
[Round "8"]
[White "Buchert, Vitus"]
[Black "Eksmyr, Johan"]
[Result "0-1"]
[WhiteElo "1940"]
[BlackElo "2155"]
[PlyCount "64"]
1. e4 c6 2. d4 d5 3. e5 Bf5 4. h4 h5 5. Bg5 Qb6 6. Bd3 Qxd4 7. Nf3 Qg4 8. Bxf5
Qxf5 9. c4 Qe4+ 10. Be3 e6 11. Nbd2 Bb4 12. Qb3 Qxc4 13. Qxc4 dxc4 14. Ke2 b5
15. Ne4 Nd7 16. Rad1 Nb6 17. Rd6 Ne7 18. a3 Bxd6 19. Nxd6+ Kd7 20. Nxf7 Rhf8
21. N3g5 Nbd5 22. Rd1 Nf5 23. Bc5 Nxh4 24. Nd6 Nxg2 25. Nde4 Ngf4+ 26. Kf1 Nd3
27. Bxf8 Rxf8 28. Kg1 Rf5 29. f4 N3xf4 30. Nc5+ Ke7 31. Nf3 Nd3 32. Nxd3 Rxf3
0-1

[Event "Superettan(Schack 08-Kristallen)"]
[Site "?"]
[Date "2020.10.17"]
[Round "8"]
[White "Ostling, Hakan"]
[Black "Faldt, Magnus"]
[Result "1/2-1/2"]
[WhiteElo "2153"]
[BlackElo "2146"]
[PlyCount "49"]
1. d4 d5 2. Nf3 Nf6 3. Bf4 c5 4. e3 Nc6 5. c3 Qb6 6. Qb3 c4 7. Qxb6 axb6 8.
Nbd2 Bf5 9. h3 h6 10. g4 Bg6 11. Bg2 e6 12. O-O Be7 13. Rfe1 b5 14. a3 O-O 15.
Ne5 Bh7 16. Bg3 Rfd8 17. Bh4 Re8 18. Bxf6 gxf6 19. Nxc6 bxc6 20. e4 Bd6 21. Nf1
Bg6 22. Ng3 Bf4 23. Ne2 Bd6 24. Ng3 Bf4 25. Ne2 1/2-1/2

[Event "Superettan(Orgryte-Upsala)"]
[Site "?"]
[Date "2020.10.17"]
[Round "8"]
[White "Kumar, Rahul"]
[Black "Carlfors, Viktor"]
[Result "0-1"]
[WhiteElo "2151"]
[BlackElo "1828"]
[PlyCount "80"]
[EventDate "2020.??.??"]
1. d4 d5 2. Bf4 Nf6 3. e3 c5 4. c3 Nc6 5. Nd2 cxd4 6. exd4 Bf5 7. Qb3 Qc8 8.
Ngf3 e6 9. h3 h6 10. a4 Be7 11. a5 a6 12. Be2 O-O 13. O-O Bd8 14. Bd6 Re8 15.
Ne5 Nxa5 16. Qa4 b5 17. Qa2 Nc4 18. Ndxc4 bxc4 19. b3 Ne4 20. Bb4 a5 21. bxc4
Bf6 22. f3 Ng3 23. Bd6 Nxf1 24. Bxf1 dxc4 25. Nxc4 Qc6 26. Qa3 a4 27. Ra2 Rec8
28. Rb2 Bd8 29. Bb4 Bc7 30. Qa1 Bh7 31. Ra2 Qd5 32. Nd2 Qg5 33. Nc4 Qg3 34. Nb2
Bf5 35. Rxa4 Rxa4 36. Qxa4 Bf4 37. Nd1 Bxh3 38. c4 Rxc4 39. Qe8+ Kh7 40. Bd3+
f5 0-1

[Event "Superettan(Schack 08-Kristallen)"]
[Site "?"]
[Date "2020.10.17"]
[Round "8"]
[White "Arvidsson, Tomas"]
[Black "Lindfors, Tom"]
[Result "0-1"]
[WhiteElo "2010"]
[BlackElo "2092"]
[PlyCount "64"]
1. e4 c5 2. Nc3 e6 3. Nf3 a6 4. g3 Nc6 5. Bg2 Nf6 6. O-O d6 7. d4 cxd4 8. Nxd4
Qc7 9. Kh1 Bd7 10. f4 Be7 11. f5 Nxd4 12. Qxd4 O-O 13. fxe6 fxe6 14. Bg5 h6 15.
Bd2 Ng4 16. Bh3 Bf6 17. Qb4 Bxc3 18. Bxc3 Nf2+ 19. Rxf2 Rxf2 20. Qd4 Rf7 21.
Bg2 e5 22. Qb4 Be6 23. Rd1 Rd7 24. a4 a5 25. Qa3 b6 26. Bf1 Rf8 27. Bb5 Rdd8
28. Rd2 d5 29. b4 d4 30. Ba1 Bc4 31. bxa5 Bxb5 32. axb6 Qc4 0-1

[Event "Superettan(Schack 08-Kristallen)"]
[Site "?"]
[Date "2020.10.17"]
[Round "8"]
[White "Persson, Andreas"]
[Black "Dahlstedt, Anders"]
[Result "1-0"]
[WhiteElo "2129"]
[BlackElo "1757"]
[PlyCount "111"]
1. d4 Nf6 2. Nf3 g6 3. g3 d5 4. Bg2 Bg7 5. O-O Na6 6. c4 c6 7. b3 Bf5 8. Bb2
dxc4 9. Ne5 cxb3 10. Qxb3 O-O 11. Nd2 Nc7 12. Ndc4 Rb8 13. Rfd1 Be6 14. Qc2 Nd7
15. Nd3 Qc8 16. Nf4 Bxc4 17. Qxc4 Nb6 18. Qb3 Qf5 19. a4 Qd7 20. Rac1 Nbd5 21.
Nd3 Rfc8 22. Nc5 Qe8 23. e3 b6 24. Nd3 Bh6 25. Ne5 Ne6 26. Nxc6 Nf6 27. Nxb8
Rxb8 28. Ba3 Bf8 29. Qc4 Ng5 30. d5 Qd7 31. Qh4 h6 32. Bb2 Qf5 33. Bxf6 exf6
34. Qf4 Rd8 35. Qxf5 gxf5 36. Rc4 Bc5 37. h4 Nh7 38. Bh3 Kg7 39. Bxf5 Nf8 40.
Kg2 Nd7 41. Bxd7 Rxd7 42. Kf3 f5 43. g4 fxg4+ 44. Rxg4+ Kf8 45. Rf4 Be7 46. Kg4
Rd6 47. h5 a6 48. Rc4 b5 49. axb5 axb5 50. Rc8+ Kg7 51. e4 Ra6 52. e5 Ra4+ 53.
f4 Re4 54. Kf5 Rc4 55. Rg1+ Kh7 56. Rxc4 1-0

[Event "Superettan(Schack 08-Kristallen)"]
[Site "?"]
[Date "2020.10.17"]
[Round "8"]
[White "Wester, Fredrik"]
[Black "Dingertz, Erik"]
[Result "1-0"]
[WhiteElo "1953"]
[BlackElo "1947"]
[PlyCount "61"]
1. e4 e5 2. Nf3 Nc6 3. Bb5 a6 4. Ba4 Nf6 5. O-O b5 6. Bb3 Bc5 7. c3 d6 8. d4
Bb6 9. h3 O-O 10. a4 Bb7 11. Re1 exd4 12. cxd4 Re8 13. axb5 axb5 14. Rxa8 Bxa8
15. Nc3 Ba5 16. Qd3 Bxc3 17. bxc3 Na5 18. Qxb5 Nxb3 19. Qxb3 Nxe4 20. c4 d5 21.
c5 Qb8 22. Qa4 Re6 23. Bf4 g5 24. Bxc7 Qc8 25. Ne5 Qb7 26. Qd7 Rf6 27. Qe8+ Kg7
28. Nd7 Qxc7 29. Qf8+ Kg6 30. Nxf6 Qf4 31. Nxe4 1-0

[Event "Superettan(RockadenIISthlm-Team Pelaro)"]
[Site "?"]
[Date "2020.10.17"]
[Round "8"]
[White "Agrest, Evgenij"]
[Black "Eriksson, Dan"]
[Result "1/2-1/2"]
[WhiteElo "2583"]
[BlackElo "2204"]
[PlyCount "88"]
1. Nf3 d5 2. e3 c5 3. c4 d4 4. exd4 cxd4 5. Bd3 Nf6 6. O-O Nc6 7. Re1 e6 8. a3
a5 9. Bc2 Bd6 10. d3 h6 11. Nbd2 O-O 12. Nf1 Qc7 13. Ba4 Rd8 14. h3 Bf4 15.
Bxf4 Qxf4 16. Bxc6 bxc6 17. b4 a4 18. Re5 Nd7 19. Re4 Qc7 20. Rxd4 c5 21. Re4
Qd6 22. Rb1 Bb7 23. Re3 cxb4 24. axb4 Bxf3 25. Qxf3 a3 26. Qe2 Rdb8 27. b5 Nc5
28. Qa2 Nxd3 29. Qd2 Qd4 30. Qa2 Qb2 31. Qxb2 Nxb2 32. Rc3 Ra4 33. Ne3 Rba8 34.
Ra1 a2 35. b6 Rb4 36. c5 Rb5 37. Nc2 Nd1 38. Rxd1 Rb1 39. Rcd3 Rc8 40. Na1 Rxc5
41. Kh2 Rcb5 42. R1d2 Rxa1 43. Ra3 Rxb6 44. Raxa2 Rxa2 1/2-1/2

[Event "Superettan(Vasteras II-Rockaden,Umea)"]
[Site "?"]
[Date "2020.10.17"]
[Round "8"]
[White "Lindgren, Fredrik"]
[Black "Petersson, Baldur Teodor"]
[Result "1/2-1/2"]
[WhiteElo "2266"]
[BlackElo "2247"]
[PlyCount "68"]
1. d4 Nf6 2. Nf3 g6 3. c4 Bg7 4. Nc3 O-O 5. e4 d6 6. Be2 e5 7. Be3 Nbd7 8. O-O
Re8 9. d5 Nh5 10. g3 Bf8 11. b4 a5 12. a3 Ng7 13. Ne1 f5 14. f3 Be7 15. Nd3 Rf8
16. c5 axb4 17. axb4 Rxa1 18. Qxa1 Nf6 19. cxd6 cxd6 20. Qa5 Qxa5 21. bxa5 fxe4
22. fxe4 Bd8 23. Ra1 Bg4 24. Nf2 Bxe2 25. Nxe2 Bc7 26. Nc3 Ra8 27. Nb5 Nge8 28.
Nxc7 Nxc7 29. Rc1 Nb5 30. Kg2 Rxa5 31. Rc8+ Kf7 32. Rb8 Nc3 33. Rxb7+ Ke8 34.
Bd2 Rb5 1/2-1/2

[Event "Superettan(RockadenIISthlm-Team Pelaro)"]
[Site "?"]
[Date "2020.10.17"]
[Round "7"]
[White "Nikolic, Vladan"]
[Black "Sorensen, Hampus"]
[Result "1/2-1/2"]
[WhiteElo "2201"]
[BlackElo "2384"]
[PlyCount "57"]
1. Nf3 d5 2. g3 Nd7 3. d4 Nb6 4. Bg2 Bf5 5. O-O e6 6. b3 Nf6 7. Bb2 h6 8. Nbd2
Be7 9. Rc1 c6 10. Ne5 Nbd7 11. c4 Bh7 12. h3 a5 13. a3 Nxe5 14. dxe5 Ne4 15.
Nxe4 dxe4 16. c5 O-O 17. e3 Qxd1 18. Rfxd1 Rfd8 19. Rxd8+ Rxd8 20. Bd4 Kf8 21.
b4 f6 22. Bf1 axb4 23. axb4 Ra8 24. Rb1 Bg6 25. Bc4 Bf7 26. Kg2 Ra4 27. Ra1
Rxa1 28. Bxa1 f5 29. Kf1 1/2-1/2

[Event "Superettan(Vasteras II-Rockaden,Umea)"]
[Site "?"]
[Date "2020.10.17"]
[Round "8"]
[White "Kretz, Johan"]
[Black "Krantz, Christopher"]
[Result "0-1"]
[WhiteElo "2204"]
[BlackElo "2201"]
[PlyCount "128"]
1. d4 g6 2. e4 Bg7 3. c4 d6 4. Nc3 e5 5. Nf3 Nc6 6. d5 Nce7 7. Be2 f5 8. exf5
Bxf5 9. Be3 Nf6 10. h3 O-O 11. Qd2 Bd7 12. g4 c6 13. Ng5 cxd5 14. cxd5 Qa5 15.
Bc4 b5 16. Bb3 b4 17. Nce4 Nxe4 18. Nxe4 Ba4 19. Bxa4 Qxa4 20. Bg5 Nc8 21. O-O
b3 22. Nc3 Qd4 23. axb3 Nb6 24. Rad1 Qb4 25. Qc2 Rf3 26. Qe4 Qxe4 27. Nxe4 Rxb3
28. Nxd6 Rxb2 29. Ne4 a5 30. d6 Nd7 31. Rd3 a4 32. Ra1 Kf7 33. Kg2 h6 34. Bd2
Rb6 35. h4 Ke6 36. g5 h5 37. Bc1 Bf8 38. Ba3 Rb3 39. Rd2 Rc8 40. f3 Rc4 41. Nf6
Rd4 42. Rxd4 exd4 43. Re1+ Re3 44. Rxe3+ dxe3 45. Ne4 Bg7 46. f4 Kd5 47. Ng3
Bf8 48. f5 Bxd6 49. Bxd6 Kxd6 50. fxg6 Ke7 51. Ne4 a3 52. Nc3 Ne5 53. Nd5+ Kf8
54. Nxe3 a2 55. Nc2 Nxg6 56. Kf3 Nxh4+ 57. Ke4 Ng6 58. Kf5 Kf7 59. Na1 h4 60.
Kg4 Ke6 61. Nc2 Ke5 62. Na1 Kd4 63. Kf5 h3 64. Kxg6 h2 0-1

[Event "Superettan(RockadenIISthlm-Team Pelaro)"]
[Site "?"]
[Date "2020.10.17"]
[Round "8"]
[White "Winsnes, Rikard"]
[Black "Bryntze, Stefan"]
[Result "0-1"]
[WhiteElo "2372"]
[BlackElo "2182"]
[PlyCount "52"]
1. e4 c5 2. Nf3 d6 3. d4 cxd4 4. Nxd4 Nf6 5. Nc3 a6 6. h3 e6 7. g4 b5 8. Bg2
Bb7 9. a3 Be7 10. g5 Nfd7 11. h4 Nc6 12. Nxc6 Bxc6 13. b3 h6 14. Qg4 Rc8 15.
Bd2 Qb6 16. g6 O-O 17. gxf7+ Rxf7 18. O-O Ne5 19. Qxe6 Bd7 20. Qd5 Rc5 21. Be3
Bc6 22. Bxc5 Qc7 23. Bxd6 Bxd6 24. Qd1 Qe7 25. Nd5 Qxh4 26. Nf4 Qxf4 0-1